Domus Lauretana Pragensis. : Catalogus collectionis operum artis musicae /

Bibliographic Details
Corporate Author: Státní archív Litomerice
Other Authors: Pulkert, Oldřich
Format: Book
Language:Multiple languages
Published: Praha : Supraphon, t. MTZ 21, Ostrava, 1973.
Edition:1. vyd.
Series:Catalogus artis musicae in Bohemia et Moravia cultae.
Artis musicae antiquioris catalogorum series ; v. 1.
Subjects:

MARC

Tag First Indicator Second Indicator Subfields
LEADER 00000cam a22000001 4500
001 in00002052002
005 20151101182406.0
008 780418s1973 cs bc 001 0 mul
010 |a  74338310  
015 |a Cz73 (v. 1) 
035 |a (OCoLC)ocm01345397 
040 |a DLC  |c CGU  |d DLC  |d OCLCQ  |d MUQ  |d TXA  |d UtOrBLW 
043 |a e-cs--- 
049 |a TXAM 
050 0 0 |a ML136.L69  |b L7 
090 |a ML136.L69  |b L7 1973 
110 2 |a Státní archív Litomerice. 
245 1 0 |a Domus Lauretana Pragensis. :  |b Catalogus collectionis operum artis musicae /  |c Composuit Oldřich Pulkert. Fotoreprodukce: Jiří Hampl. 
250 |a 1. vyd. 
264 1 |a Praha :  |b Supraphon, t. MTZ 21, Ostrava,  |c 1973. 
300 |a 2 volumes ;  |c 24 cm. 
336 |a text  |b txt  |2 rdacontent 
337 |a unmediated  |b n  |2 rdamedia 
338 |a volume  |b nc  |2 rdacarrier 
490 1 |a Catalogus artis musicae in Bohemia et Moravia cultae 
490 1 |a Artis musicae antiquioris catalogorum series,  |v v. 1 
500 |a Introductory matter in Czech, English, and German. 
505 0 |a pars 1. Catalogus.--pars 2. Operum artis musicae initia transcripta et indices. 
536 |a From the Howard Mayer Brown, Edward Downes and Mary Schieffelin book collections, October 2004. 
650 0 |a Church music  |v Bibliography  |v Catalogs. 
650 0 |a Music  |x Manuscripts  |v Catalogs. 
650 0 |a Manuscripts  |z Czech Republic  |z Prague  |v Catalogs. 
610 2 0 |a Pražská Loreta (Church)  |v Catalogs. 
610 2 6 |a Pražská Loreta. 
650 6 |a Musique  |x Bibliographie  |x Catalogues. 
650 6 |a Musique d'église  |x Bibliographie  |x Catalogues. 
650 6 |a Musique  |x Bibliographie  |x Manuscrits. 
700 1 |a Pulkert, Oldřich. 
830 0 |a Catalogus artis musicae in Bohemia et Moravia cultae. 
830 0 |a Artis musicae antiquioris catalogorum series ;  |v v. 1. 
948 |a cataloged  |b h  |c 2005/6/10  |d c  |e jgreene  |f 4:45:20 pm 
994 |a C0  |b TXA 
999 |a MARS 
999 f f |s dcaecc04-88a2-3724-9294-5f55cb1e380e  |i eefa4b7d-2bf5-3ef2-9cb1-6fa0a23df6b1  |t 0 
952 f f |p normal  |a Texas A&M University  |b College Station  |c Sterling C. Evans Library  |d Evans: Library Stacks  |t 0  |e ML136.L69 L7 1973  |h Library of Congress classification  |i unmediated -- volume  |k v.1:pt.1  |m A14833634348 
952 f f |p normal  |a Texas A&M University  |b College Station  |c Sterling C. Evans Library  |d Evans: Library Stacks  |t 0  |e ML136.L69 L7 1973  |h Library of Congress classification  |i unmediated -- volume  |k v.1:pt.2  |m A14833634380 
998 f f |a ML136.L69 L7 1973  |s v.1:pt.1-2  |t 0  |l Evans: Library Stacks